000
00288nam a22001097a 4500
008
170118b xxu||||| |||| 00| 0 eng d
020
_a
9780323012690
041
_a
eng
080
_2
3RD
_a
618.2
245
_a
STUDY GUIDE FOR PHARMACOLOGY AND THE NURSES PROCESS
_c
SNYDER, J.S
942
_2
udc
_c
BK
999
_c
3138
_d
3138